Трансформация природной среды горного региона под воздействием горнодобывающей деятельности (Запись № 9938936)

Подробности
000 -МАРКЕР
контрольное поле 02628nam0a2200409 i 4500
001 - ИДЕНТИФИКАТОР ЗАПИСИ
контрольное поле RU\NLR\BIBL_A\010750489
005 - ИДЕНТИФИКАТОР ВЕРСИИ
контрольное поле 20241101012544.0
010 ## - МЕЖДУНАРОДНЫЙ СТАНДАРТНЫЙ НОМЕР КНИГИ (ISBN)
Номер (ISBN) 9785904868154
Тираж 200
021 ## - НОМЕР ГОСУДАРСТВЕННОЙ РЕГИСТРАЦИИ
Код страны Российская Федерация
Номер 2015-22557
Номер Листа государственной регистраци 1344
035 ## - ДРУГИЕ СИСТЕМНЫЕ НОМЕРА
Идентификатор записи (NILC)RuMoRGB-007896115
035 ## - ДРУГИЕ СИСТЕМНЫЕ НОМЕРА
Идентификатор записи (NLR Aleph) 010750489
100 ## - ДАННЫЕ ОБЩЕЙ ОБРАБОТКИ
Данные общей обработки 20150512d2014 km y0rusy50 ca
101 0# - ЯЗЫК РЕСУРСА
Язык текста, звукозаписи и т.д. русский
Язык резюме английский
102 ## - СТРАНА ПУБЛИКАЦИИ ИЛИ ПРОИЗВОДСТВА
Страна публикации Российская Федерация
105 ## - ПОЛЕ КОДИРОВАННЫХ ДАННЫХ: ТЕКСТОВЫЕ МАТЕРИАЛЫ, МОНОГРАФИЧЕСКИЕ
Кодированные данные о монографическом текстовом документе ab||z||||01yy
200 1# - ЗАГЛАВИЕ И СВЕДЕНИЯ ОБ ОТВЕТСТВЕННОСТИ
Основное заглавие Трансформация природной среды горного региона под воздействием горнодобывающей деятельности
Параллельное заглавие Transformation of the mountain region environment under the influence of mimning activity
Сведения, относящиеся к заглавию на примере Республики Северная Осетия-Алания
Первые сведения об ответственности В. Б. Заалишвили, О. Г. Бурдзиева
Последующие сведения об ответственности Центр геофизических исслед. Владикавк. науч. центра Российской акад. наук и Правительства Республики Северная Осетия-Алания
Язык параллельного заглавия английский
210 ## - ПУБЛИКАЦИЯ, РАСПРОСТРАНЕНИЕ И ДР.
Место издания, распространения и т.д. Владикавказ
Имя издателя, распространителя и т. д. ЦГИ ВНЦ РАН и РСО-А
Дата издания, распространения и т.д. 2014
215 ## - ФИЗИЧЕСКАЯ ХАРАКТЕРИСТИКА
Специфическое обозначение материала и объем 131 с.
Другие сведения о физической характеристике ил., карт., цв. карт.
Размеры 21
300 ## - ОБЩИЕ ПРИМЕЧАНИЯ
Текст примечания Авт. также на англ. яз.: V. B. Zaalishvili, O. G. Burdzieva
300 ## - ОБЩИЕ ПРИМЕЧАНИЯ
Текст примечания Рез. на англ. яз.
320 ## - ПРИМЕЧАНИЯ О НАЛИЧИИ В ДОКУМЕНТЕ БИБЛИОГРАФИИ / УКАЗАТЕЛЯ
Текст примечания Библиогр.: с. 124-131 (92 назв.)
510 1# - ПАРАЛЛЕЛЬНОЕ ЗАГЛАВИЕ
Связь между полями z11790
Параллельное заглавие Transformation of the mountain region environment under the influence of mimning activity
Язык заглавия английский
606 1# - НАИМЕНОВАНИЕ ТЕМЫ КАК ПРЕДМЕТ
Наименование темы Геологическая среда горных областей
Тематический подзаголовок Изменение
-- Влияние горных работ
Географический подзаголовок Северная Осетия-Алания, Республика
Системный номер авторитетной/нормативной записи 2233430
Идентификатор авторитетной/нормативной записи RU\NLR\AUTH\6601572632
606 1# - НАИМЕНОВАНИЕ ТЕМЫ КАК ПРЕДМЕТ
Наименование темы Окружающая среда
Тематический подзаголовок Загрязнение отходами горнорудной промышленности
Географический подзаголовок Северная Осетия-Алания, Республика
Системный номер авторитетной/нормативной записи 2233433
Идентификатор авторитетной/нормативной записи RU\NLR\AUTH\6601572633
686 1# - ИНДЕКСЫ ДРУГИХ КЛАССИФИКАЦИЙ
Индекс Д312.8
686 1# - ИНДЕКСЫ ДРУГИХ КЛАССИФИКАЦИЙ
Индекс Д492.298(2Р37-6С)
686 1# - ИНДЕКСЫ ДРУГИХ КЛАССИФИКАЦИЙ
Индекс Р121.101.005(2Р37-6С)
700 #1 - ИМЯ ЛИЦА - ПЕРВИЧНАЯ ОТВЕТСТВЕННОСТЬ
Начальный элемент ввода Заалишвили
Часть имени, кроме начального элемента ввода В. Б.
Расширение инициалов личного имени Владислав Борисович
701 #1 - ИМЯ ЛИЦА - АЛЬТЕРНАТИВНАЯ ОТВЕТСТВЕННОСТЬ
Графика поля Кириллица
Материалы, к которым относится поле rus
Начальный элемент ввода Бурдзиева
Часть имени, кроме начального элемента ввода О. Г.
Расширение инициалов личного имени Ольга Германовна
Системный номер авторитетной/нормативной записи 159232
Идентификатор авторитетной/нормативной записи RU\NLR\AUTH\770159273
790 #1 - ИМЯ ЛИЦА - АЛЬТЕРНАТИВНАЯ ФОРМА
Связь между полями z11
Начальный элемент ввода Zaalisvili
Часть имени, кроме начального элемента ввода V. B.
Расширение инициалов личного имени Vladislav Borisovic
790 #1 - ИМЯ ЛИЦА - АЛЬТЕРНАТИВНАЯ ФОРМА
Графика поля Латинская
Материалы, к которым относится поле rus
Начальный элемент ввода Burdzieva
Часть имени, кроме начального элемента ввода O. G.
Расширение инициалов личного имени Ol'ga Germanovna
Системный номер авторитетной/нормативной записи 159236
Идентификатор авторитетной/нормативной записи RU\NLR\AUTH\770159277
801 #0 - ИСТОЧНИК ЗАПИСИ
Страна Российская Федерация
Организация РГБ
Дата составления 20150325
Правила каталогизации RCR
942 ## - ДОПОЛНИТЕЛЬНЫЕ ЭЛЕМЕНТЫ ЗАПИСИ (АБИС)
Тип экземпляра АБИС Книга
980 ## - КОЛЛЕКЦИЯ
Название коллекции НБР

Нет доступных экземпляров.